Normal view
MARC view
- Superstitions
Entry Corporate Name
001 - CONTROL NUMBER
- control field: 112542
003 - CONTROL NUMBER IDENTIFIER
- control field: NUST
005 - DATE AND TIME OF LATEST TRANSACTION
- control field: 20230523124744.0
008 - FIXED-LENGTH DATA ELEMENTS
- fixed length control field: 230523|| aca||aabn | a|a d
040 ## - CATALOGING SOURCE
- Original cataloging agency: NUST
- Transcribing agency: NUST
110 ## - HEADING--CORPORATE NAME
- Corporate name or jurisdiction name as entry element: Superstitions
670 ## - SOURCE DATA FOUND
- Source citation: Work cat.: (NUST)174875: Hole, Christina (Ed.) 112541, The Encyclopedia of Superstitions /, 1961
